a day (ระเบียนเลขที่ 87419)
| 000 -LEADER | |
|---|---|
| fixed length control field | 00660nas a22001697a 4500 |
| 003 - CONTROL NUMBER IDENTIFIER | |
| control field | NALT |
| 005 - DATE AND TIME OF LATEST TRANSACTION | |
| control field | 20240425104810.0 |
| 008 - FIXED-LENGTH DATA ELEMENTS--GENERAL INFORMATION | |
| fixed length control field | 170719b xxu||||| |||| 00| 0 tha d |
| 040 ## - CATALOGING SOURCE | |
| Original cataloging agency | ์NALT |
| 041 0# - LANGUAGE CODE | |
| Language code of text/sound track or separate title | tha |
| 245 10 - TITLE STATEMENT | |
| Title | a day |
| 310 ## - CURRENT PUBLICATION FREQUENCY | |
| Current publication frequency | รายเดือน |
| 500 ## - GENERAL NOTE | |
| General note | หยุดบอกรับหลังปีที่ 19 ฉบับที่ 218 (ตุลาคม 2561) เนื่องจากหยุดผลิต |
| 850 ## - HOLDING INSTITUTION | |
| Holding institution | NALT |
| 866 31 - TEXTUAL HOLDINGS--BASIC BIBLIOGRAPHIC UNIT | |
| Textual string | ปีที่ 18 ฉบับที่ 209-216 (ม.ค.-ส.ค.2561), ปีที่ 19 ฉบับที่ 217-219 (ก.ย.- ต.ค. 2561) |
| 942 ## - ADDED ENTRY ELEMENTS (KOHA) | |
| Koha item type | Journal/Magazine |
| Source of classification or shelving scheme | Library of Congress Classification |
| Serial record | 1 |
| Koha issues (borrowed), all copies | 12 |
| 998 ## - STAFF NAME (NALT) | |
| -- | 755 |
| -- | จินตนา เอี่ยมคง |
| Withdrawn status | Lost status | Source of classification or shelving scheme | Damaged status | Not for loan | Collection code | Home library | Current library | Shelving location | Date acquired | Source of acquisition | Serial Enumeration / chronology | Total Checkouts | Barcode | Date last seen | Price effective from | Koha item type | Public note |
|---|---|---|---|---|---|---|---|---|---|---|---|---|---|---|---|---|---|
| Library of Congress Classification | Journals & Periodicals collection | National Assembly Library of Thailand | National Assembly Library of Thailand | Journal & Magazine shelves | 14/01/2026 | บริจาค | ปีที่ 17 ฉบับที่ 195 (พ.ย. 2559) | 2900036460 | 14/01/2026 | 14/01/2026 | Journal/Magazine | ได้รับบริจาค |
